000 00562nam a2200217Ia 4500
001 14544
003 GE_BSU
008 181216s||||||||xx |||||||||||||| ||und||
020 _a9781401916909
040 _cGE_BSU
080 _a299
100 _aBraden,Gregg
245 4 _aThe Spontaneous Healing of Belief. Shattering the paradigm of False Limits
260 _aNew York
260 _bHay House
260 _c2008
300 _a217p.23cm.
653 _aShattering the paradigm of False Limits
653 _aThe Spontaneous Healing of Belief
942 _cBK
999 _c47675
_d47675